000
00287nam a2200109 a 4500
005
20201002044922.0
008
140403s1971 000 spa d
100
_a
Moreto, AgustÃn
_9
71507
245
3
_a
El lindo don Diego.
260
_a
Madrid -- Libra,
_c
1971 -- 186 p.
999
_c
43173
_d
43173
040
_a
DO-SdBNP